| 000 | 00424 a2200121 4500 | ||
|---|---|---|---|
| 001 | ART_58441 | ||
| 005 | 20260410161816.0 | ||
| 008 | 260409a | ||
| 245 | 1 | 0 | _aEl aprendizaje basado en problemas (ABP) en la educación jurídica y su aplicación en un ámbito multicultural |
| 100 | 1 | _aMarotta, Julieta | |
| 700 | 1 | _aParise, Agustín | |
| 773 | 0 |
_tAcademia _g- Año 19, N° 38 (jul./dic. 2021) _wREV4314 |
|
| 999 |
_c21898 _d21898 |
||